| 000 | 00971nam a2200337 a 4500 | ||
|---|---|---|---|
| 001 | 1453 | ||
| 003 | CO-ViMGA | ||
| 008 | 141112s2004 ck r 000 u spa d | ||
| 040 |
_aCO-ViMGA _bspa _cCO-ViMGA |
||
| 082 | 0 | 4 | _a372.357 F375 4o. |
| 100 | 1 |
_aFernández Rincón, Myriam S _949733 |
|
| 245 | 1 | 0 |
_aBiólogos 4 : _bciencias naturales y de la salud |
| 260 |
_aSantafé de Bogotá : _bVoluntad, _c1993 |
||
| 300 | _a128 p : il | ||
| 505 | _aBiologos 4 : Ciencias naturales y de la salud | ||
| 590 | _aEjemplares : 01 | ||
| 650 | 1 | 4 |
_aCADENA ALIMENTICIA _949734 |
| 650 | 1 | 4 |
_aCOMBINACIONES _949735 |
| 650 | 1 | 4 |
_aCOMUNIDAD BIOLOGICA _949736 |
| 650 | 1 | 4 |
_aECLIPSE _949737 |
| 650 | 1 | 4 | _aECOSISTEMA |
| 650 | 1 | 4 | _aLA ENERGIA |
| 650 | 1 | 4 |
_aLA EROSION _949740 |
| 650 | 1 | 4 |
_aLA FOTOSINTESIS _949741 |
| 650 | 1 | 4 |
_aLA LUNA _949742 |
| 650 | 1 | 4 |
_aMASA _949743 |
| 650 | 1 | 4 |
_aMEZCLAS _949744 |
| 650 | 1 | 4 |
_aPESO _949745 |
| 650 | 1 | 4 | _aRECURSOS NATURALES |
| 942 |
_2ddc _cBK |
||
| 999 |
_c13650 _d13650 |
||